Word Ladder: Instability Quiz Stats

 Plays Quiz Updated Jul 16, 2017

Support Sporcle.
Go Orange.
Score 0/13 Timer 01:30
0 Plays Today
Clue 4-Letter Word % Correct
☠ American autumn; collapse ☠☠ FALL ☠
98.8%
To be unsuccessfulFAIL
98.3%
☠ Bad dive = belly ____☠ FLOP ☠
93.8%
Toss a coinFLIP
93.3%
MentionedSAID
86.9%
Catamaran featureSAIL
86.9%
☠ Prelude to [first rung] ☠☠ SLIP ☠
81.7%
☠ Lost traction ☠☠ SLID ☠
80.1%
☠ To stumble; a short journey ☠☠ TRIP ☠
72%
☠ To plump down ☠☠ PLOP ☠
68.7%
Actor's accessoryPROP
68.3%
☠ A decline ☠☠ DROP ☠
61.1%
Echoing cave soundDRIP
55.2%

Today's Daily Dose

Missing Word
'Y-Z' Pairs

Quick Pick
MCU Directors

You're not logged in!

Compare scores with friends on all Sporcle quizzes.
OR
Log In
Forgot?

From the Vault

SNL Sketches of the 90s & 00s

by Mattomic

We hope you do well, or else you might end up in a VAN down by the RIVER.
Remove Ads.
Support Sporcle.
Get the best of Sporcle when you Go Orange. This ad-free experience offers more features, more stats, and more fun while also helping to support Sporcle. Thank you for becoming a member.

Show Comments

Extras

Top Quizzes Today


Score Distribution

Your Account Isn't Verified!

In order to create a playlist on Sporcle, you need to verify the email address you used during registration. Go to your Sporcle Settings to finish the process.

Report this User

Report this user for behavior that violates our Community Guidelines.

Details: